| 000 | 00654nam a22001457a 4500 | ||
|---|---|---|---|
| 999 |
_c20312 _d20312 |
||
| 008 | 240522b ||||| |||| 00| 0 eng d | ||
| 020 | _a184205189X | ||
| 082 |
_aDRef 423 _bW39 2002 |
||
| 245 |
_aWebster's universal dictionary and thesaurus : _bmore than 150,000 definitions, over 150,000 thesaurus entries, first name and their meanings, world facts and figures, leaders of the modern world, weights and measures. |
||
| 260 |
_aScotland : _bGeddes & Grosset, _c©2002. |
||
| 300 |
_a1008 pages : _bcolor illustration ; _c28 cm. |
||
| 650 |
_aEnglish language _vdictionaries. _957314 |
||
| 650 |
_aEnglish language _xThesaurus. _957315 |
||
| 942 |
_2ddc _cDREF |
||